| 000 | 00724nam a2200229 u 4500 | ||
|---|---|---|---|
| 001 | 000025265 | ||
| 005 | 20200930023653.0 | ||
| 008 | 110209s1969 ve a r 000 | spa d | ||
| 040 |
_aDO-SdBNP _bspa _cBNPHU |
||
| 041 |
_aspa _heng _2Código de idioma MARC |
||
| 082 |
_axxx _bA775t |
||
| 100 | 1 |
_aBataille, Georges _951769 |
|
| 240 | 0 |
_aDocuments _lEspañol |
|
| 245 | 1 | 0 |
_aTemas para una ciudad / _cGeorges Bataille; recopilación Bernard Noël; traducción Inés Cano. |
| 260 |
_aCaracas : _bMonte Avila, _c1969. |
||
| 300 |
_a193 p. ; _c18 cm. |
||
| 534 |
_aTítulos original : _tDocuments |
||
| 500 | _aIncluye notas | ||
| 700 | 1 |
_aNoël, Bernard _ecomp. _951770 |
|
| 700 | 1 |
_aCano, Inés _etr. _951771 |
|
| 049 | _aBNGR | ||
| 999 |
_c24758 _d24758 |
||